00475nam a2200157Ia 45000010006000000050017000060080041000230410008000640820016000721000035000882450162001232600009002853000007002946500008003016540008003091732820260306171509.0260306s9999||||xx |||||||||||||| ||und|| aESP a657.61bV34 aVásquez Bernal, RicardoeAUT 0aEl abc de las NIIF:bguía básica de preguntas y respuestas para la implementación de las Normas Internacionales de Información Financiera (IFRS-NIIF) c2013 ac aGEN aCCO